| 000 | 00516nam a2200181Ia 4500 | ||
|---|---|---|---|
| 003 | OSt | ||
| 005 | 20211122063416.0 | ||
| 008 | 151015s9999 xx 000 0 und d | ||
| 040 |
_aMMU _bEng _cMMU _dMMU |
||
| 050 | _aSD 61.3 S433 2000 | ||
| 100 | _aSummers F.Gene | ||
| 245 |
_aAgriculture and beyond rural economic developing /F _cSummers Gene. |
||
| 260 |
_aUSA: _bUniversity of wisconsin, _c 2000. |
||
| 300 | _a xiv,126 p. : | ||
| 500 | _aIncludes index | ||
| 650 | _a_Agriculture | ||
| 942 |
_2lcc _cLOAN LOAN |
||
| 999 |
_c4367 _d4367 |
||